00449naa a2200145 a 450000100080000000500110000800800410001910000180006024500850007826000090016370000190017270000180019170000200020977300740022910719792010-08-30 2010 bl uuuu u00u1 u #d1 aBRACKMANN, A. aAplica????es pr??-colheita de c??lcio na qualidade p??s-colheita de ma????s Fuji c20101 aSCHORR, M.R.W.1 aPINTO, J.A.V.1 aVENTURINI, T.L. tCi??ncia Rural, Santa Maria, RSgv.40, n. 6, p. 1435-1438, jun. 2010.